長安十二時辰

資料類型: Book 圖書   書目號:53532

Leader xxxxxxxxxx
001 __ 102618/8/02
005 __ 20191030163632.831
010 0_ |a9789863614760|b上冊 : 平裝|d新臺幣360元
010 0_ |a9789863614777|b下冊 : 平裝|d新臺幣360元
042 __ |anbic
100 __ |a20191030d2018    km y0chiy50      b
101 0_ |achi
102 __ |atw
105 __ |aa   z   000ay
200 1_ |a長安十二時辰|f馬伯庸作
205 __ |a初版
210 __ |a臺北市|c高寶國際|d2018[民107]
215 0_ |a2冊|c|d21公分
225 12 |a戲非戲|vDN218-DN219
700 _1 |a|b伯庸|4681 __ |a857.7|b8364 v.1
801 _0 |atw|bLibDipper|c20191030|gCCR
詳細館藏 1-2 筆 (共 2 筆)
索 書 號登 錄 號冊次號館別 / 館藏地流通類型狀態加入預約清單電子資源
857.7 / 8364 1026188 v.1 圖書館 / 一樓普通區 可外借30天 在館   
857.7 / 8364 1026189 v.2 圖書館 / 一樓普通區 可外借30天 在館   

| 條列資料




目錄查詢 分類查詢 個人資料 圖書薦購 新書查詢 閉館日 排行榜 更多電子資源 Hami書城 線上資料庫 登出

From : 216.73.217.87

  本日流通累計至 08:36:59 借閱 : 4 次 續借 : 0 次 歸還 : 4 次 預約 : 0 次 電子資源 : 0 次


內湖高中圖書館  PCLIS 版本  26.5.0.12